000 00585nam a2200205Ia 4500
003 GCL
008 140319s9999 xx 000 0 eng d
040 _aGCL /
_cGCL
082 0 4 _a747.78
_bH D
100 1 _aTHE HOME DECORATING INSTITUTE
245 1 0 _aDECORATING THE BATHROOM: 103 PROJECTS AND IDEAS /
_cTHE HOME DECORATING INSTITUTE
260 _a[S.N] :
_bCY DECOSSE INCORPORATED ،
_c1995
300 _a128 P
650 0 4 _aHOME DECORATING INSTITUTE
650 0 4 _aARTS
650 0 4 _aHOUSE FURNISHING
650 0 4 _aBATHROOMS
650 0 4 _aHOUSEHOLD LINENS
942 _2ddc
_cBK
999 _c14063
_d14063